000 00601nam a2200181Ia 4500
008 151018s9999 xx 000 0 und d
082 _bRBASDV37046
_a891.462
100 _aशारदाकुमार शिर्सेकर
245 _aभूकंप
250 _b1
260 _bत्रिदल प्रकाशन मुंबई
_c1996
300 _a92
600 _aशारदाकुमार शिर्सेकर
630 _aभूकंप
700 _aशारदाकुमार शिर्सेकर
730 _aभूकंप
942 _cBOOK
999 _c1036493
_d1036490